00581nam a2200205Ia 450000500170000000800410001702000180005804000190007604100120009508200170010710000180012424500790014226000330022130000190025450400190027365000180029265100350031070000200034585000100036520220726160626.0131103s9999 xx 000 0 und d a0-394-31201-5 aLoreto College aEnglish a808.042bSCH aSchor, Sandra 4aThe Random house guide to basic writingcSandra Schor [and] Judith Fishman aNew YorkbRandom Housec1978 axxviii,531 p.  aIncludes index aLiterature -  aEnglish Language - Rhetoric -  aFishman, Judith aLCLIB